|
|
|
|
| LEADER |
01092nam a22003132a 4500 |
| 001 |
000893505 |
| 003 |
CZ BrMZK |
| 005 |
20090217124528.0 |
| 007 |
ta |
| 008 |
080417s1990 xr fr|||||||||||cze d |
| 015 |
|
|
|a cnb000059307
|
| 035 |
|
|
|a (OCoLC)39430247
|
| 040 |
|
|
|a BOA001
|b cze
|
| 080 |
9 |
|
|a 541.1
|
| 100 |
1 |
|
|a Nevěčná, Taťjana,
|d 1952-
|7 kup19940000070104
|4 aut
|
| 245 |
1 |
0 |
|a Praktikum z fyzikální chemie /
|c Taťjana Nevěčná
|
| 250 |
|
|
|a 1. vyd.
|
| 260 |
|
|
|a Olomouc :
|b Univerzita Palackého,
|c 1990
|
| 300 |
|
|
|a 91 s.
|
| 490 |
1 |
|
|a Učební texty vysokých škol
|
| 504 |
|
|
|a Obsahuje bibliografii
|
| 550 |
|
|
|a Vyd.: Univerzita Palackého, Přírodovědecká fakulta
|
| 710 |
2 |
|
|a Univerzita Palackého.
|b Přírodovědecká fakulta
|7 kn20010709377
|
| 810 |
2 |
|
|a Univerzita Palackého.
|b Přírodovědecká fakulta.
|t Učební texty
|0 s
|
| 910 |
|
|
|a BOA001
|b 4-0964.345
|
| 964 |
|
|
|a Chemie fyzikální - učebnice - školy vysoké
|
| 990 |
|
|
|a BK
|
| 991 |
|
|
|b 200804
|
| 996 |
6 |
|
|b BC-570919
|c 4-0964.345
|l MZK
|r Sklad / do 1 hodiny
|n 0
|w 000893505
|u 000010
|a 1
|e BOA001
|j MZK50
|s P
|